| 000 | 01098nam a2200301 i 4500 | ||
|---|---|---|---|
| 001 | 768714001 | ||
| 003 | CO-MdFUSB | ||
| 005 | 20240530083921.0 | ||
| 007 | ta | ||
| 008 | 210821t1996 -us |||| |||| 00| 0 spa d | ||
| 020 | _a0899225764 | ||
| 040 |
_aCO-MdFUSB _bspa _cCO-MdFUSB _dCO-MdFUSBC _erda |
||
| 041 | _aspa | ||
| 082 |
_223 _a150 _bL579 |
||
| 100 |
_aLeón, Jorge A. _eautor |
||
| 245 |
_aHacia una sicología pastoral para los años 2000 _c/Jorge A. León |
||
| 264 | 1 |
_aEstados Unidos : _bCaribe, _c[1996] |
|
| 264 | 4 | _c© 1996 | |
| 300 |
_a240 páginas _c; 21 cm |
||
| 336 |
_2rdacontent _atexto _btxt |
||
| 337 |
_2rdamedia _asin mediación _bn |
||
| 338 |
_2rdacarrier _avolumen _bnc |
||
| 505 | _aEl ser human y su dinámica espiritual. -- Freud, Lacan, y la dinámica síquica. -- La dinámica psíquica 1. -- La dinámica psíquica 2. -- La dinámica corporal. -- Algunas tensiones psicológicas a las que suele estar sometido el pastor. -- Tensiones en la familia pastoral. | ||
| 563 | _aRústico | ||
| 650 | 0 |
_9230 _aPsicología pastoral |
|
| 942 | _cBK | ||
| 945 | _aJTF-925 | ||
| 999 |
_c66831 _d66831 |
||